Library Banner

Advanced digital design with the Verilog HDL / (Record no. 99809)

MARC details
000 -LEADER
fixed length control field 00532cam a22001934a 4500
001 - CONTROL NUMBER
control field vtls000092254
005 - DATE AND TIME OF LATEST TRANSACTION
control field 20180517091614.0
008 - FIXED-LENGTH DATA ELEMENTS--GENERAL INFORMATION
fixed length control field 100928r20092003njua b 001 0 eng
020 ## - INTERNATIONAL STANDARD BOOK NUMBER
International Standard Book Number 9789332584464
040 ## - CATALOGING SOURCE
Transcribing agency PK-LaUMT
082 ## - DEWEY DECIMAL CLASSIFICATION NUMBER
Classification number 621.395
Item number CIL-A
100 1# - MAIN ENTRY--PERSONAL NAME
Personal name Ciletti, Michael D.
245 10 - TITLE STATEMENT
Title Advanced digital design with the Verilog HDL /
Statement of responsibility, etc Michael D. Ciletti
250 ## - EDITION STATEMENT
Edition statement 2nd ed.
260 N# - PUBLICATION, DISTRIBUTION, ETC. (IMPRINT)
Place of publication, distribution, etc Tamil Nadu :
Name of publisher, distributor, etc Pearson India Education,
Date of publication, distribution, etc 2017
300 ## - PHYSICAL DESCRIPTION
Extent 964 p.
650 #0 - SUBJECT ADDED ENTRY--TOPICAL TERM
Topical term or geographic name as entry element Digital electronics.
942 ## - ADDED ENTRY ELEMENTS (KOHA)
Koha item type Books
Holdings
Withdrawn status Lost status Damaged status Home library Current library Date acquired Full call number Barcode Date last seen Price effective from Koha item type
      UMT Main Campus UMT Main Campus 2017-11-03 61.395 CIL-A 115534 2018-05-15 2017-11-03 Books